គំរោងសំនង់ក្នៀរដីបំពាក់ដោយត្រាក់ទ័រ (Record no. 4154)

000 -LEADER
fixed length control field 00492nam a22001577a 4500
003 - CONTROL NUMBER IDENTIFIER
control field OSt
005 - DATE AND TIME OF LATEST TRANSACTION
control field 20151207142228.0
008 - FIXED-LENGTH DATA ELEMENTS--GENERAL INFORMATION
fixed length control field 151207b xxu||||| |||| 00| 0 eng d
040 ## - CATALOGING SOURCE
Transcribing agency RUA
082 ## - DEWEY DECIMAL CLASSIFICATION NUMBER
Classification number ATM ទូច 1991 B189 Or.1
100 ## - MAIN ENTRY--PERSONAL NAME
9 (RLIN) 4454
Personal name ទូច,​សុផល្លា
245 ## - TITLE STATEMENT
Title គំរោងសំនង់ក្នៀរដីបំពាក់ដោយត្រាក់ទ័រ
260 ## - PUBLICATION, DISTRIBUTION, ETC. (IMPRINT)
Place of publication, distribution, etc. Phnom Penh
Name of publisher, distributor, etc. RUA
Date of publication, distribution, etc. 1991
300 ## - PHYSICAL DESCRIPTION
Extent 45p.
Other physical details ill.
Dimensions 29cm.
942 ## - ADDED ENTRY ELEMENTS (KOHA)
Source of classification or shelving scheme
Koha item type ATM
Holdings
Price effective from Date last seen Permanent Location Not for loan Date acquired Source of classification or shelving scheme Koha item type Barcode Lost status Damaged status Withdrawn status Current Location Full call number
2015-12-072015-12-07Library Block B 2015-12-07 ATMRUA41259   Library Block BATM ទូច 1991 B189 Or.1
2015-12-072015-12-07Library Block B 2015-12-07 ATMRUA41493   Library Block BATM ទូច 1991 B189 Or.2
2015-12-072015-12-07Library Block B 2015-12-07 ATMRUA41317   Library Block BATM ទូច 1991 B189 Or.3
2015-12-072015-12-07Library Block B 2015-12-07 ATMRUA042729   Library Block BATM ទូច 1991 B189 Or.4
2015-12-072015-12-07Library Block B 2015-12-07 ATMRUA41377   Library Block BATM ទូច 1991 B189 Or.5
2015-12-072015-12-07Library Block B 2015-12-07 ATMRUA043277   Library Block BATM ទូច 1991 B189 Or.6
2015-12-072015-12-07Library Block B 2015-12-07 ATMRUA41437   Library Block BATM ទូច 1991 B189 Or.7
2015-12-072015-12-07Library Block B 2015-12-07 ATMRUA43677   Library Block BATM ទូច 1991 B189 Or.8
2015-12-072015-12-07Library Block B 2015-12-07 ATM    Library Block BATM ទូច 1991 B189 Or.1
2015-12-072015-12-07Library Block B 2015-12-07 ATMRUA44238   Library Block BATM ទូច 1991 B189 Or.9
មជ្ឈមណ្ឌលឯការនៃសាកលវិទ្យាល័យភូមិន្ទកសិកម្មចំការដូង

Powered by Koha